[Event "AUTO-OPEN-3458"]
[Site "http://www.queenalice.com/game.php?id=1350064"]
[Date "2015.3.26"]
[Round "1"]
[White "paulouk"]
[Black "jailtontiago"]
[Result "1-0"]
[WhiteElo "1772"]
[BlackElo "1561"]

1. Nf3 Nf6 2. e3 g6 3. d4 Bg7 4. Bc4 O-O 5. O-O d5 6. Be2 Nc6 7. c4 Bg4 8. c5
Re8 9. Nh4 Bxe2 10. Qxe2 e5 11. dxe5 Nxe5 12. Nf3 Nxf3+ 13. Qxf3 Ne4 14. Rd1 c6
15. Nd2 Qe7 16. Nb3 Nxc5 17. Nd4 Qe4 18. Qxe4 Nxe4 19. Nb3 Rad8 20. Na5 Re7 21.
f3 Nd6 22. Rb1 Nf5 23. e4 Nd4 24. Bg5 f6 25. Be3 f5 26. Bxd4 1-0

[Event "AUTO-OPEN-3458"]
[Site "http://www.queenalice.com/game.php?id=1350077"]
[Date "2015.3.26"]
[Round "1"]
[White "murgu"]
[Black "paulouk"]
[Result "0-1"]
[WhiteElo "1437"]
[BlackElo "1746"]

1. Nf3 Nc6 2. d4 d5 3. c4 g6 4. cxd5 Qxd5 5. Nc3 Qd8 6. d5 Nb4 7. Qa4+ c6 8.
Qxb4 Bg7 9. dxc6 bxc6 10. Bf4 Nf6 11. e3 a5 12. Qc5 Bb7 13. Rd1 Qc8 14. Bc4 Nd7
15. Ng5 Nxc5 0-1

[Event "AUTO-OPEN-3458"]
[Site "http://www.queenalice.com/game.php?id=1350078"]
[Date "2015.3.26"]
[Round "1"]
[White "paulouk"]
[Black "murgu"]
[Result "1-0"]
[WhiteElo "1742"]
[BlackElo "1441"]

1. Nf3 c5 2. e4 Nc6 3. Bb5 e5 4. Bxc6 dxc6 5. Nxe5 Qd4 6. Nf3 Qxe4+ 7. Qe2 Qxe2+
8. Kxe2 Bg4 9. Re1 O-O-O 10. Kf1 Nf6 11. Ne5 Bh5 12. d3 Bd6 13. Bf4 Rhe8 14. Nc3
Nd5 15. Nxd5 cxd5 16. g3 1-0

[Event "Challenge"]
[Site "http://www.queenalice.com/game.php?id=1354142"]
[Date "2015.4.18"]
[Round "-"]
[White "TheKink"]
[Black "paulouk"]
[Result "0-1"]
[WhiteElo "1733"]
[BlackElo "1771"]

1. Nf3 Nf6 2. d3 d6 3. g3 e5 4. Bg2 Be7 5. O-O O-O 6. Bg5 h6 7. Bxf6 Bxf6 8.
Nbd2 e4 9. Nxe4 Bxb2 10. Rb1 Bf6 11. Nxf6+ Qxf6 12. c4 c6 13. e3 Re8 14. Qc2 Bg4
15. Nd4 Bc8 16. a4 Na6 17. Nxc6 Bd7 18. Nb4 Nxb4 19. Rxb4 Bc6 20. Bxc6 bxc6 21.
Rfb1 c5 22. Rb7 a5 0-1

[Event "Challenge"]
[Site "http://www.queenalice.com/game.php?id=1354143"]
[Date "2015.4.18"]
[Round "-"]
[White "paulouk"]
[Black "TheKink"]
[Result "1-0"]
[WhiteElo "1782"]
[BlackElo "2151"]

1. d4 c6 2. Nf3 Qc7 3. e4 d6 4. Be2 e5 5. d5 Bg4 6. h3 Bh5 7. Ng5 Bxe2 8. Qxe2
h6 9. Nf3 Ne7 10. c4 cxd5 11. Na3 dxe4 12. Qxe4 f5 13. Qh4 Nd7 14. Ng5 Nc5 15.
O-O Nc6 16. Qh5+ 1-0

[Event "AUTO-OPEN-3469"]
[Site "http://www.queenalice.com/game.php?id=1354170"]
[Date "2015.4.18"]
[Round "1"]
[White "maurice91"]
[Black "paulouk"]
[Result "1-0"]
[WhiteElo "1841"]
[BlackElo "1793"]

1. d4 d5 2. Nf3 h6 3. Bf4 Bf5 4. Nbd2 Na6 5. e3 Nb4 6. e4 dxe4 7. Ne5 e3 8. Bb5+
c6 9. Nxc6 bxc6 10. Bxc6+ Nxc6 11. fxe3 Nb4 12. e4 Qxd4 13. a3 Nc6 14. c3 Qc5
15. exf5 Qxf5 16. O-O Qb5 17. b3 Qc5+ 18. Kh1 e5 19. Bg3 Rd8 20. Qc2 Nf6 21. Nc4
Be7 22. a4 O-O 23. Rae1 Bd6 24. Nxd6 Qxd6 25. b4 Nh5 26. Bf2 Rfe8 27. Bc5 Qe6
28. b5 1-0

[Event "AUTO-OPEN-3469"]
[Site "http://www.queenalice.com/game.php?id=1354171"]
[Date "2015.4.18"]
[Round "1"]
[White "paulouk"]
[Black "maurice91"]
[Result "0-1"]
[WhiteElo "1779"]
[BlackElo "1855"]

1. Nf3 Nf6 2. Nc3 d5 3. d4 c5 4. e3 Nc6 5. Bb5 e6 6. Ne5 Bd7 7. Bxc6 Bxc6 8.
Nxc6 bxc6 9. Qe2 cxd4 10. exd4 Bd6 11. h3 Qc7 12. O-O O-O 13. a3 a5 14. f3 c5
15. Nb5 Bh2+ 16. Kh1 Qg3 17. Be3 Nh5 18. dxc5 Nf4 19. Bxf4 Qxf4 20. Rfd1 Bg3 21.
Rd4 Qb8 22. a4 Be5 23. Rg4 Bxb2 24. Ra2 Bf6 25. c3 h5 0-1

[Event "AUTO-OPEN-3469"]
[Site "http://www.queenalice.com/game.php?id=1354212"]
[Date "2015.4.18"]
[Round "1"]
[White "chessman"]
[Black "paulouk"]
[Result "1-0"]
[WhiteElo "1896"]
[BlackElo "1785"]

1. e4 e5 2. Nf3 d6 3. d4 Bg4 4. dxe5 Bxf3 5. Qxf3 dxe5 6. Bc4 Nf6 7. O-O Nc6 8.
c3 Be7 9. Rd1 Qc8 10. Bg5 Na5 11. Be2 h6 12. Bxf6 Bxf6 13. Nd2 O-O 14. b4 Nc6
15. Bb5 Ne7 16. Nf1 c6 17. Bc4 Ng6 18. Ng3 Nh4 19. Qe3 Bg5 20. Qe2 b5 21. Bb3 a5
22. a3 a4 23. Ba2 Ng6 24. Qh5 Nh8 25. Nf5 g6 26. Qxg5 hxg5 27. Ne7+ Kh7 28. Nxc8
Raxc8 29. c4 f5 30. Rd7+ Kh6 31. cxb5 cxb5 32. exf5 Rxf5 33. Rd3 Rc2 34. Rf3
Rxf3 35. gxf3 Kh5 36. Bd5 g4 37. fxg4+ Kxg4 38. Be6+ Kf4 39. Bd7 1-0

[Event "AUTO-OPEN-3469"]
[Site "http://www.queenalice.com/game.php?id=1354213"]
[Date "2015.4.18"]
[Round "1"]
[White "paulouk"]
[Black "chessman"]
[Result "0-1"]
[WhiteElo "1773"]
[BlackElo "1908"]

1. Nf3 d5 2. d4 c6 3. Nc3 Nf6 4. h3 e6 5. a3 Be7 6. Bd2 Ne4 7. e3 O-O 8. Bd3 f5
9. Bxe4 fxe4 10. Nh2 Nd7 11. O-O e5 12. f3 exd4 13. exd4 Nf6 14. fxe4 dxe4 15.
Re1 Qxd4+ 16. Be3 Qxd1 17. Raxd1 Be6 18. Na4 Rfd8 19. Bd4 Bd5 20. Bxf6 Bxf6 21.
Nc5 b6 22. Nxe4 Bxb2 23. a4 Bxe4 24. Rxd8+ Rxd8 25. Rxe4 Bf6 26. Ng4 Bb2 27. c4
Rd4 28. Rxd4 Bxd4+ 29. Kf1 Kf7 30. Ke2 h5 31. Ne3 Bxe3 32. Kxe3 Ke6 33. Ke4 a6
0-1

[Event "Challenge"]
[Site "http://www.queenalice.com/game.php?id=1362294"]
[Date "2015.5.29"]
[Round "-"]
[White "tucuman"]
[Black "paulouk"]
[Result "1-0"]
[WhiteElo "1729"]
[BlackElo "1757"]

1. e4 e5 2. Bc4 Nf6 3. d3 h6 4. Nf3 a6 5. Nxe5 d6 6. Nxf7 Qe7 7. Nxh8 Be6 8.
Bxe6 Qxe6 9. Ng6 Nc6 10. Nxf8 Kxf8 11. O-O Kg8 12. Nc3 Nd4 13. h3 c6 14. Ne2 1-0

[Event "AUTO-ADV-3157"]
[Site "http://www.queenalice.com/game.php?id=1370923"]
[Date "2015.7.11"]
[Round "2"]
[White "jupar"]
[Black "paulouk"]
[Result "1-0"]
[WhiteElo "1986"]
[BlackElo "1762"]

1. d4 Nf6 2. c4 e6 3. Nc3 Bb4 4. a3 Bxc3+ 5. bxc3 h6 6. Nf3 O-O 7. g3 b6 8. Bg2
Ne4 9. Qc2 Bb7 10. O-O f5 11. Nd2 d5 12. Nxe4 fxe4 13. e3 Nc6 14. cxd5 exd5 15.
Bb2 1-0

[Event "AUTO-ADV-3157"]
[Site "http://www.queenalice.com/game.php?id=1370924"]
[Date "2015.7.11"]
[Round "2"]
[White "paulouk"]
[Black "jupar"]
[Result "0-1"]
[WhiteElo "1711"]
[BlackElo "2094"]

1. Nf3 d5 2. e3 Nf6 3. c4 e6 4. Be2 c6 5. O-O Bd6 6. h3 O-O 7. b3 Nbd7 8. Bb2
Qc7 9. Nh4 Re8 10. Bg4 Nxg4 11. Qxg4 Be5 12. Bxe5 Qxe5 13. Nc3 Nf6 14. Qf3 Ne4
15. Nxe4 dxe4 16. Qe2 g5 0-1